00340cam a22000977a 4500008004000000082001400040245007500054260005500129300000900184700004900193180718b1970 xxu||||| |||| 00| 0 eng d aB5x71 C16 aCanadian system of Governmentcby Department of the Secretary of State aOttawabDepartment of the Secretary of Statec1970 a53p. aCanada. Department of the Secretary of State